Statistiques concernant Culture Générale - Série 724

Cliquez ici pour prendre le quiz!

Statistiques générales

  • Ce quiz a été pris 176 fois
  • Le résultat moyen est 7 sur 10

Statistiques - réponses

QuestionRéponse% Correct
De quel mot le terme "pneu" est-il l'abréviation ?pneumatique
95%
A l'entrée de quel canal se situe la ville égyptienne de Port-Saïd ?Le canal de Suez
92%
Quel océan baigne les rives de la Nouvelle-Zélande ?L'océan Pacifique
92%
Complétez la comptine suivante : "Am stram gram Pic et pic et colégram Bour et bour et...ratatam
82%
Le 12 avril 1965, qui Johnny Hallyday épouse-t-il ?Sylvie Vartan
76%
Dans quelle capitale d'Afrique du Nord se situent l'université d'al-Azhar et la mosquée d'al-Amr ?Le Caire
75%
Quel est le nom de l'épouse de John Lennon, qui organisa avec lui les "Bed-In" d'Amsterdam et de Montréal ?Yoko Ono
74%
Complétez le titre du film de Michael Cimino réalisé en 1978, "Voyage au bout ...de l'enfer
54%
Complétez le titre du roman de Charlotte Brontë" Jane ...Eyre
52%
Si vous visitez le musée du château d'Angers, il vous est possible d'admirer l'ensemble de tapisseries médiévales appelé "Tenture de...L'Apocalyse
1%

Distribution des résultats

Percentile par nombre de réponses

% des personnes avec chaque résultat

Votre développement - résultats

Vous n’avez pas pris ce quiz